| 000 | 00629nam a22001937a 4500 | ||
|---|---|---|---|
| 005 | 20260128095207.0 | ||
| 008 | 260128b |||||||| |||| 00| 0 eng d | ||
| 020 | _a978-0-495-91583-6 | ||
| 050 |
_aPE 1408. C65 2012 _b1 |
||
| 100 | _aVANDERMAY,RANDALL | ||
| 245 | _aTHE COLLEGE WRITER: A GUIDE TO THINKING, WRITING AND RESEARCHING. | ||
| 250 | _a4TH | ||
| 260 |
_aB0STON, _bWADSWORTH CENGAGE LEARNING, _c2012, |
||
| 300 | _aXXViii, 723 P,ILL | ||
| 500 | _aINCLUDES BIBLIOGRAPHICAL REFERENCES AND INDEX | ||
| 650 | _aENGLISH LANGUAGE- RHETORIC, REPORT WRITING | ||
| 700 | _aMEYER VERNE, VAN RYS JOHN, | ||
| 942 |
_2lcc _cBK |
||
| 999 |
_c216496 _d216496 |
||